Statystyki dla Układ słoneczny

Kliknij tutaj aby rozwiązać quiz!

Ogólne statystyki

  • Ten quiz został rozwiązany 796 razy
  • Średni wynik to 8 z 8

Statystyki odpowiedzi

Odległość od Słońca (km)Planeta% Poprawnych
227 936 637Mars
98%
149 597 887Ziemia
98%
778 412 027Jowisz
96%
57 909 170Merkury
96%
4 498 252 900Neptun
95%
1 426 725 413Saturn
95%
108 208 926Wenus
95%
2 870 972 220Uran
92%

Rozkład punktacji

Percentyl według liczby udzielonych odpowiedzi

Procent ludzi z każdym wynikiem

Twoja historia wyników

Nie rozwiązałeś tego quizu